[Event "GER Seniors Derby 08th"]
[Site "Wesel Undeloh"]
[Date "2009.04.16"]
[Round "1.14"]
[White "Drews, Hans Ulrich"]
[Black "Jungnickel, Martin"]
[Result "0-1"]
[WhiteElo "1563"]
[BlackElo "1748"]
[PlyCount "52"]
[EventDate "2009.04.16"]
[EventType "swiss"]
[EventRounds "7"]
[EventCountry "GER"]
[SourceTitle "EXT 2022"]
[Source "ChessBase"]
[SourceDate "2021.10.06"]
[SourceVersion "1"]
[SourceVersionDate "2021.10.06"]
[SourceQuality "1"]

1. d4 Nf6 2. c4 g6 3. Nf3 Bg7 4. Nc3 0-0 5. Bg5 h6 6. Bh4 d6 7. e3 Bg4 8. Be2 c6 9. 0-0 Nbd7 10. h3 Bxf3 11. Bxf3 Qc7 12. Rc1 Rad8 13. Qc2 e5 14. Bxf6 Bxf6 15. d5 Bg5 16. Ne4 Be7 17. Nc3 f5 18. g4 e4 19. gxf5 exf3 20. fxg6 Ne5 21. Kh2 Qd7 22. Rg1 Rf5 23. Ne4 Rh5 24. Rg3 Bh4 25. Rcg1 Bxg3+ 26. Rxg3 Qf5 0-1